| 000 | 00693nam a2200217Ii 4500 | ||
|---|---|---|---|
| 003 | JO-AjNU | ||
| 008 | 230605s9999||||xx |||||||||||||| ||und|| | ||
| 017 | _a1983/1811 | ||
| 020 | _a1977-04-0050-5 | ||
| 040 |
_aJO-AjNU _bara _erda _cJO-AjNU |
||
| 041 | _aara | ||
| 050 | 1 | 4 | _aHF1411 .H37.1983 |
| 100 | 3 |
_a توفيق، حسن أحمد , _eauthor _99614 |
|
| 245 | 0 | 0 | _aالتجارة الخارجية (دراسة تطبيقية) |
| 264 | 3 | 1 | _aالقاهرة:دار النهضة العربية؛1983 |
| 300 | _a364ص | ||
| 336 |
_atext _btxt _2rdacontent |
||
| 337 |
_aunmediated _bn _2rdamedia |
||
| 338 |
_avolume _bnc _2rdacarrier |
||
| 650 | 4 |
_a التجارة الخارجية _99615 |
|
| 999 |
_aA1391 _c4959 _d4959 |
||